Online Catalogue and eLibrary

Kirghizia (Record no. 644)

MARC details
000 -LEADER
fixed length control field 00403nam a2200145Ia 4500
005 - DATE AND TIME OF LATEST TRANSACTION
control field 20240625013621.0
008 - FIXED-LENGTH DATA ELEMENTS--GENERAL INFORMATION
fixed length control field 240331s9999 xx 000 0 und d
082 ## - DDC Classification
Class No. 060
Item Number - Author Mark KAD
100 ## - MAIN ENTRY--PERSONAL NAME
Personal name Omurkulov, Kadyr
245 #0 - TITLE STATEMENT
Title Kirghizia
Statement of responsibility, etc. Kadyr, Omurkulov
260 ## - PUBLICATION, DISTRIBUTION, ETC.
Place of publication, distribution, etc. Moscow
Name of publisher, distributor, etc. Novosti Press Agency Publishing House
Date of publication, distribution, etc. 1987
300 ## - PHYSICAL DESCRIPTION
Extent (e.g. Volumes, Pages etc.) 85 p.,
500 ## - GENERAL NOTE
General note Socialist Republics of the Soviet Union
942 ## - Koha item type (Biblio)
Koha item type Books in Stacks (Lending)
Holdings
Lost status Damaged status Collection code Home library Current library Shelving location Date acquired Full call number Accession Number Item type
    Lending WERC Library WERC Library Social Science Cupboard 03/31/2024 060 OMU 1109 Books in Stacks (Lending)

© WERC Library